| 000 | 00627nam a2200217 a 4500 | ||
|---|---|---|---|
| 005 | 20240925065401.0 | ||
| 008 | 991125s19591978mx 000 0 spa u | ||
| 020 | _a9681600288 | ||
| 035 | _aUPN01000006635 | ||
| 049 | _aCG | ||
| 050 | 4 |
_aHB501 _bM3.38a 1959 |
|
| 100 | 1 |
_aMarx, Karl, _d1818-1883 |
|
| 245 | 1 | 3 |
_aEl capital : _bcrítica de la economía política / _cCarlos Marx ; tr. Wenceslao Roces. |
| 260 |
_aMéxico : _bFCE, _c1959 (1978 impr.). |
||
| 300 | _a3 v. | ||
| 440 | 0 | _aSección de obras de economía | |
| 650 | 4 |
_aCapital _96307 |
|
| 650 | 4 |
_aEconomía _911541 |
|
| 650 | 4 |
_aSocialismo _97360 |
|
| 905 | _aLibro | ||
| 999 |
_c6635 _d6635 |
||